| 000 | 00384 a2200157 4500 | ||
|---|---|---|---|
| 003 | Nust | ||
| 005 | 20170207171532.0 | ||
| 040 | _cNust | ||
| 082 | _a004.6 | ||
| 100 | _aParziale, Lydia | ||
| 245 |
_aTCP/IP tutorial and technical overview (EBOOK) _cLydia Parziale and David T. Britt. |
||
| 250 | _a8th | ||
| 260 |
_aNew York _bIBM _c2006 |
||
| 300 | _a1004 p. | ||
| 650 | _aTCP/IP Tutorial | ||
| 942 |
_2ddc _cBK |
||
| 999 |
_c217066 _d217066 |
||